Fantasy Football 2018 Weekly WR1 - Statistics

General Stats
  • This quiz has been taken 3 times
  • The average score is 9 of 17
Answer Stats
Week Points WR % Correct
15 39 DeAndre Hopkins
100%
2 35.9 Stefon Diggs
100%
4 37.2 Cooper Kupp
67%
8 30.7 Marvin Jones Jr.
67%
1 38 Michael Thomas
67%
9 39.1 Michael Thomas
67%
6 39.2 Tyreek Hill
67%
10 32.7 Tyreek Hill
67%
11 43.5 Tyreek Hill
67%
12 38 Amari Cooper
33%
14 49.7 Amari Cooper
33%
16 44.5 Antonio Brown
33%
17 29.4 Chris Godwin
33%
13 36.8 Keenan Allen
33%
5 31.4 Odell Beckham Jr.
33%
7 28.2 Odell Beckham Jr.
33%
3 40.5 Calvin Ridley
0%
No matching quizzes found
Score Distribution
Percent of People with Each Score
Percentile by Number Answered
Your Score History
You have not taken this quiz